000 00382pam a2200157a 44500
008 230405s2008 xxu||||| |||| 00| 0 eng d
041 _aENG
100 _aYADAV ABHISHEK
245 _aANALOG COMMUNICATION SYSTEMS
250 _a2008
260 _aNEW DELHI
_bUNIVERSITY SCIENCE PRESS 2024
_c2008
300 _aP.B,XIII,372
650 _aE&TC
690 _aE&TC
906 _a3125
999 _c817320
_d817320